Estadísticas para Palabras más comunes en Inglés

Haz click aquí para tomar la prueba!

Estadísticas generales

  • Esta prueba ha sido tomada 7.340 veces
  • La puntuación promedio es 40 de 100

Estadísticas de respuestas

#Palabra% Correcto
6A
95%
10I
95%
16He
94%
2Be
91%
1The
91%
18You
90%
30She
89%
27We
83%
26They
75%
19Do
73%
14On
73%
32An
71%
3To
70%
50Me
69%
56No
69%
49Go
68%
11It
68%
29Her
65%
7In
65%
64Your
63%
40What
61%
34My
57%
9Have
54%
51When
54%
23His
52%
46Who
52%
41So
51%
5And
50%
12For
50%
4Of
49%
8That
49%
86Our
47%
53Can
46%
85How
46%
21This
46%
100Us
46%
35One
45%
68Them
44%
84Two
44%
20At
43%
39Their
43%
24By
42%
58Him
42%
13Not
40%
38There
38%
33Will
36%
31Or
35%
42Up
35%
65Good
34%
17As
33%
94Because
32%
76Come
31%
25From
31%
54Like
31%
69See
31%
15With
31%
43Out
30%
96These
30%
22But
29%
67Could
29%
98Day
29%
44If
29%
72Then
29%
37Would
29%
77Its
28%
71Than
28%
36All
25%
47Get
25%
52Make
25%
28Say
25%
66Some
23%
55Time
23%
93Want
23%
48Which
23%
82After
22%
59Know
22%
60Take
21%
95Any
20%
73Now
20%
78Over
20%
79Think
20%
97Give
19%
74Look
19%
89Well
18%
63Year
17%
87Work
16%
45About
15%
88First
15%
61People
15%
90Way
15%
57Just
14%
99Most
14%
80Also
13%
62Into
13%
92New
13%
83Use
13%
81Back
12%
91Even
12%
70Other
11%
75Only
10%

Distribución de puntuación

Porcentaje por número respondido

Porcentaje de gente con cada puntuación

Historial de tus puntuaciones

No has tomado esta prueba